000 01641cam a2200445 a 4500
001 21523
003 VRT
005 20260303150849.0
008 250428s1989 ru 000 0 slo
015 _aSNBZSA1990
020 _a5050023165
_c1,40 Rbl.
035 _aSNK000120635
035 _aurn:nbn:sk:snk-amlm18
035 _aurn:nbn:sk:snk-am00bymf
035 _aFC5515E0-2D97-4EBC-8DDC-E450EBE46B1C
039 9 _a202504280856
_bVLOAD
_c202410010903
_dmsnk115
_c202403151850
_dVLOAD
_c202402261825
_dVLOAD
040 _aSNK
_bslo
_cSNK
_eAACR2
041 1 _aslo
_hrus
044 _aru
_cRU
080 _a528.2(087.5)
_21981
100 1 _aTomilin, Anatolij
_4aut
240 1 0 _aKak ľudi iskali formy Zemli
_lSlovensky
245 1 0 _aAko ľudia objavovali tvar Zeme
_cAnatolij Tomilin ; Prel. Vlasta Ballová ; Ilustr. Jurij Smoľnikov
250 _a1. vyd.
260 _aMoskva
_bRaduga
_c1989
_eLeningrad
_fTipografija imeni Ivana Fedorova
300 _a81 s.
_bMp. Obr.
_c26 cm
366 _e15075 výtl.
500 _aIlustr. na predsádkach. Tir. v ruš.
650 0 7 _aľudstvo
_2SNKPH
651 7 _aZem (planéta)
_2SNKPH
655 7 _apublikácie pre deti
_2SNKPH
655 7 _apopulárno-náučné publikácie
_2SNKPH
700 1 _aBallová, Vlasta
_4trl
700 1 _aSmoľnikov, Jurij
_4ill
942 _2ddc
_cOLDE
_n0
949 _617A0573053
_asnkSB 46470 D2
_bsnk2007/26285
_oAntikvariát Nazca, Žilinač.f. 4/2007
949 _617A0150988
_9snkTOM 528.9
_asnkSB 46470 D1
_bsnkV 1326/90
949 _617A0071204
_9P60, <03>, [BOOK], {603}
_asnkSB 46470
_s6100:20160606
999 _c21523
_d21523